Del sitio de Buenos Aires al campo de Cepeda (Registro nro. 296621)

Detalles MARC
000 -ENCABEZADO
Número de control [NR] 01835nam a22002297a 4500
005 - FECHA Y HORA DE LA ÚLTIMA TRANSACCIÓN
control field 20140925091112.0
008 - DE LONGITUD FIJA DE DATOS DE ELEMENTOS - INFORMACIÓN GENERAL
Elementos de longitud fija [NR] 140812s1921 ag ||||f |||| 00| 0 spa d
040 ## - FUENTE DE CATALOGACION [NR]
Agencia de catalogación original [NR] CO-BoUCM
Idioma de catalogación [NR] spa
Quien Cataloga Sandra Yazo
Quien Clasifica Sandra Yazo
041 0# - CODIGO DE IDIOMA [R]
Código de idioma para texto/pista de sonido o título separado [R] Español
082 04 - NUMERO DE CLASIFICACION DECIMAL DEWEY [R]
Número de la edición [NR] 20
Número de clasificación [R] 982.05
092 ## - SIGNATURA TOPOGRAFICA LOCAL
Número de clasificación local E32N004
100 1# - ASIENTO PRINCIPAL--NOMBRE PERSONAL [NR]
Nombre personal [NR] Cárcano, Ramón J.
Fechas asociadas con el nombre [NR] 1860-1946
Forma más completa del nombre [NR] Ramón José
ID Autoridad 62629
245 10 - MENCION DE TITULO [NR]
Título [NR] Del sitio de Buenos Aires al campo de Cepeda
Parte restante del título [NR] (1852-1859)
Mención de responsabilidad, etc. [NR] Ramón J. Cárcano
260 ## - PUBLICACION, DISTRIBUCION, ETC. (PIE DE IMPRENTA) [R]
Lugar de publicación, distribución, etc. [R] Buenos Aires (Argentina)
Nombre del editor, distribuidor, etc. [R] Imprenta y casa editora Coni
Fecha de publicación, distribución, etc. [R] 1921
300 ## - DESCRIPCION FISICA [R]
Extensión [R] 855 páginas
Dimensiones [R] 18 x 12 cm.
500 ## - NOTA GENERAL [R]
Nota general [NR] Detalles físicos: Encuadernación rígida en cartón forrada en tela. Lomo en tela encolada y letras en dorado. Guardas en papel impreso. Portada impresa en una sola tinta. Texto en una columna con algunas notas al pie de página. Incluye un croquis de la Batalla de Cepeda. Ejemplar en regular estado de conservación. Empieza a desencuadernarse, varias hojas y cuadernillos sueltos.
505 1# - NOTA DE CONTENIDO CON FORMATO PREESTABLECIDO [R]
Nota de contenido con formato preestablecido [NR] Relaciones vecinales: El Brasil y el estado oriental ; Tratados de Lamas diplomáticas extorsiva (1851) ; Modificación de los tratados de Lamas ; De la peña, carneiro Leao y Florentino Castellanos ; Mediación del general Urquiza ; Argentina y Paraguay ; Santiago Derqui y Carlos Antonio López ; Tentativas de tratados y alianzas ; Discordia y organización internas: Orientación nacional de la revolución de septiembre ; Sitio de Buenos Aires ; Antagonismo histórico (1853) ; Congreso constituyente ; Tentativas de reconciliación nacional ; Fracaso del sitio ; Tratados de San José de Flores ; Constitución nacional ; Constitución nacional del estado de Buenos Aires (1853-1854).
506 ## - NOTA DE RESTRICCIONES DE ACCESO [R]
Condiciones de acceso [NR] Consulta en sala
650 #7 - ASIENTO SECUNDARIO DE MATERIA - TERMINO TEMATICO [R]
9 (RLIN) 62638
Término temático o nombre geográfico como elemento de entrada [NR] Historia
Subdivisión geográfica [R] Argentina
690 ## - ASUNTO AGREGADO LOCAL DE ENTRADA - TÉRMINO TEMÁTICO (OCLC, RLIN)
9 (RLIN) 42842
Acceso temático local Historia de América
942 ## - ELEMENTOS DE ENTRADA AGREGADOS (KOHA)
Tema principal 21
Tipo de ítem principal el descrito en 300a Libro
Edición 1
Sistema de clasificación LOCAL
Clasificación E32N004
Existencias
Suprimido Perdido Sistema de clasificación Dañado No prestable Tipo de ítem específico Ubicación habitual Ubicación actual Localización Fecha de creación Forma de adquisición Costo Total préstamos Signatura topográfica Código de barras Última vez visto Ejemplar Price effective from Tipo de ítem
    LOCAL     Libro archivo Archivo Histórico Archivo Histórico Archivo histórico 12/08/2014 Donación 0.00   E32N004 L004409 12/08/2014 Ej.1 12/08/2014 Libro